Jerónimo de Arbolancha (Record no. 39731)

MARC details
000 -LEADER
campo de control de longitud fija 00615nam a2200181 i 4500
001 - NÚMERO DE CONTROL
campo de control 39731
003 - IDENTIFICADOR DE NÚMERO DE CONTROL
campo de control ES-MaACL
005 - FECHA Y HORA DE LA ÚLTIMA TRANSACCIÓN
campo de control 20230906160052.0
007 - CAMPO FIJO DE DESCRIPCIÓN FÍSICA--INFORMACIÓN GENERAL
campo de control de longitud fija t|
008 - DATOS DE LONGITUD FIJA--INFORMACIÓN GENERAL
campo de control de longitud fija 030304s1964 sp ||||1| spa d
100 1# - ENTRADA PRINCIPAL--NOMBRE DE PERSONA
Nombre de persona Campo Jesús, Luis del.
9 (RLIN) 34215
245 10 - MENCIÓN DEL TÍTULO
Título Jerónimo de Arbolancha
Resto del título : (poeta del siglo XVI) : su vida y su obra /
Mención de responsabilidad, etc. Luis del Campo ; prólogo de Leopoldo Cortejoso.
260 ## - PUBLICACIÓN, DISTRIBUCIÓN, ETC.
Lugar de publicación, distribución, etc. Pamplona :
Nombre del editor, distribuidor, etc. La Acción Social,
Fecha de publicación, distribución, etc. 1964.
300 ## - DESCRIPCIÓN FÍSICA
Extensión 336 p. ;
Dimensiones 17 cm.
600 04 - PUNTO DE ACCESO ADICIONAL DE MATERIA--NOMBRE DE PERSONA
Nombre de persona Arbolanche, Jerónimo de.
9 (RLIN) 22406
700 1# - ENTRADA AGREGADA--NOMBRE PERSONAL
Nombre de persona Cortejoso Villanueva, Leopoldo.
9 (RLIN) 40841
852 ## - LOCALIZACIÓN
Ubicación ES-MaACL
Número de control de estantería C-27039
Sublocalización o colección R.54968
Holdings
Estatus retirado Estado de pérdida Estado de daño No para préstamo Biblioteca de origen Biblioteca actual Ubicación en estantería Fecha de adquisición Fuente de adquisición Total de préstamos Signatura topográfica completa Código de barras Visto por última vez Precio de reemplazo Tipo de ítem Koha
        Biblioteca del Ateneo de Madrid Biblioteca del Ateneo de Madrid Depósito 2 17/01/2008     C-27039 1041840 23/02/2023 23/02/2023 Libro impreso